Los archivos municipales de Extremadura (Record no. 12677)

MARC details
000 -LEADER
campo de control de longitud fija 00997nam a2200253 i 4500
001 - NÚMERO DE CONTROL
campo de control 12677
003 - IDENTIFICADOR DE NÚMERO DE CONTROL
campo de control ES-MaACL
005 - FECHA Y HORA DE LA ÚLTIMA TRANSACCIÓN
campo de control 20250828094147.0
007 - CAMPO FIJO DE DESCRIPCIÓN FÍSICA--INFORMACIÓN GENERAL
campo de control de longitud fija t|
008 - DATOS DE LONGITUD FIJA--INFORMACIÓN GENERAL
campo de control de longitud fija 921020s1989 sp ||||0| spa d
016 7# - NÚMERO DE CONTROL DE UNA AGENCIA BIBLIOGRÁFICA NACIONAL
Número de control cancelado/no válido CHM920007425
040 ## - FUENTE DE CATALOGACIÓN
Centro catalogador/agencia de origen CHM
Lengua de catalogación spa
Centro/agencia transcriptor CHM
080 ## - NÚMERO DE LA CLASIFICACIÓN DECIMAL UNIVERSAL
Número de la Clasificación Decimal Universal 930.255(460.25)
100 1# - ENTRADA PRINCIPAL--NOMBRE DE PERSONA
Nombre de persona España Fuentes, Rafael.
9 (RLIN) 47760
245 14 - MENCIÓN DEL TÍTULO
Título Los archivos municipales de Extremadura
Resto del título : (una experiencia de inventariado y catalogación, 1984/1988) /
Mención de responsabilidad, etc. Rafael España Fuentes, Senador Fuentes Morcillo, Román Hernández Nieves.
260 ## - PUBLICACIÓN, DISTRIBUCIÓN, ETC.
Lugar de publicación, distribución, etc. Mérida :
Nombre del editor, distribuidor, etc. Centro Regional de la UNED en Extremadura,
Fecha de publicación, distribución, etc. D.L. 1989.
300 ## - DESCRIPCIÓN FÍSICA
Extensión 152 p ;
Dimensiones 22 cm.
650 14 - PUNTO DE ACCESO ADICIONAL DE MATERIA--TÉRMINO DE MATERIA
Término de materia o nombre geográfico como elemento de entrada Archivos municipales-
Subdivisión geográfica Extremadura.
9 (RLIN) 9959
700 1# - ENTRADA AGREGADA--NOMBRE PERSONAL
Nombre de persona Fuentes Morcillo, Senador.
9 (RLIN) 52936
700 1# - ENTRADA AGREGADA--NOMBRE PERSONAL
Nombre de persona Hernández Nieves, Román.
9 (RLIN) 63006
710 2# - ENTRADA AGREGADA--NOMBRE DE ENTIDAD CORPORATIVA
Nombre de entidad corporativa o nombre de jurisdicción como elemento de entrada Universidad Nacional de Educación a Distancia (España).
Unidad subordinada Centro Regional de Extremadura
9 (RLIN) 7412
852 ## - LOCALIZACIÓN
Ubicación ES-MaACL
Número de control de estantería L-20078
Sublocalización o colección R.118328
Holdings
Estatus retirado Estado de pérdida Fuente del sistema de clasificación o colocación Estado de daño No para préstamo Colección Biblioteca de origen Biblioteca actual Ubicación en estantería Fecha de adquisición Total de préstamos Signatura topográfica completa Código de barras Visto por última vez Precio de reemplazo Tipo de ítem Koha
    Clasificación decimal universal     Biblioteca profesional Biblioteca del Ateneo de Madrid Biblioteca del Ateneo de Madrid Depósito 2 17/01/2008   L-20078 1012914 23/02/2023 23/02/2023 Libro impreso